000 01521nam0a2200385 4500
001 RU\NLR\BIBL_A\012556955
005 20210906121030.0
010 _a978-5-907220-97-3
_91000
021 _aRU
_bКН-П-21-011775
_9КН-П-21-0957
035 _a(NLR Aleph) 012556955
090 _a12448640
_c12448640
100 _a20210702d2021 u y0rusy50 ca
101 0 _arus
102 _aRU
105 _a z 000 y
181 0 _ai
_baxxe
182 0 _an
200 1 _aВ гостях у Берроуза
_eамериканская повесть
_eроман
_fАлександр Бренер
203 _aТекст
_bвизуальный
_cнепосредственный
210 _aМосква
_cГородец
_d2021
215 _a282, [2] с.
_cил.
_d19
225 1 _aКнижная полка Вадима Левенталя
300 _aСодержит нецензурную брань
333 _a18+
600 1 _aБерроуз
_bУ.С.
_gУильям Сьюард
_cст.
_f1914 - 1997
_jВоспоминания, записки и т.п
_2nlr_sh1
_2nlr_sh2
_3RU\NLR\AUTH\6695351
686 1 _aШ5(7США)6-4Берроуз,У.С.14
686 2 _aШ6(2=Р)6-4
700 1 _aБренер
_bА.
_f1957-
_gАлександр
702 1 _aБерроуз
_bУ. С.
_cст.
_f1914-1997
_gУильям Сьюард
_3RU\NLR\AUTH\7712686
_4570
942 _cBOOK
980 _aNB